[Event "IECG WC.2011.P.00004 email"]
[Site "IECG email"]
[Date "2007.04.04"]
[Round "1"]
[White "Closs, Mike"]
[Black "Gyimesi, Jeno"]
[Result "0-1"]
[WhiteElo "2170"]
[BlackElo "1698"]
[PlyCount "72"]
[EventDate "2007.04.04"]
[EventType "tourn (corr)"]
[EventRounds "6"]
[SourceTitle "Corr 2024"]
[Source "ChessBase"]
[SourceDate "2023.10.19"]
[SourceVersion "1"]
[SourceVersionDate "2023.10.19"]
[SourceQuality "1"]

1. d4 Nf6 2. c4 e6 3. Nc3 Bb4 4. Qc2 c5 5. dxc5 Na6 6. a3 Bxc5 7. Nf3 0-0 8. b4 Be7 9. e4 d6 10. Be2 Nb8 11. 0-0 a5 12. Bf4 axb4 13. axb4 Rxa1 14. Rxa1 Na6 15. Qb3 Bd7 16. Be3 Ng4 17. Bd4 Bf6 18. Rd1 Qe7 19. Bb6 Ne5 20. Nd4 Ra8 21. f4 Ng6 22. g3 Bxd4+ 23. Bxd4 e5 24. fxe5 dxe5 25. Be3 Be6 26. Ra1 Qf8 27. Ra5 Rc8 28. Rb5 Rc7 29. Rb6 Nb8 30. Nd5 Rd7 31. b5 Ne7 32. Nxe7+ Rxe7 33. Qc3 Qc8 34. Rd6 Re8 35. c5 Nd7 36. c6 Nf6 0-1

[Event "IECG CP.2003.Q.00005 email"]
[Site "IECG email"]
[Date "2005.01.15"]
[Round "?"]
[White "Closs, Mike"]
[Black "Jensen, Soeren"]
[Result "0-1"]
[WhiteElo "2164"]
[BlackElo "1914"]
[PlyCount "24"]
[EventDate "2005.01.15"]
[EventType "tourn (corr)"]
[EventRounds "6"]
[SourceTitle "Corr 2024"]
[Source "ChessBase"]
[SourceDate "2023.10.19"]
[SourceVersion "1"]
[SourceVersionDate "2023.10.19"]
[SourceQuality "1"]

1. e4 Nc6 2. Nf3 d6 3. d4 Nf6 4. Nc3 Bg4 5. Be3 e6 6. h3 Bh5 7. d5 exd5 8. exd5 Nb8 9. g4 Bg6 10. Qe2 Nbd7 11. Bg2 Be7 12. Nd4 0-0 0-1

[Event "IECG CP.2003.Q.00005 email"]
[Site "IECG email"]
[Date "2005.01.15"]
[Round "?"]
[White "Richkov, Sergei"]
[Black "Closs, Mike"]
[Result "1-0"]
[WhiteElo "1797"]
[BlackElo "2164"]
[PlyCount "43"]
[EventDate "2005.01.15"]
[EventType "tourn (corr)"]
[EventRounds "6"]
[SourceTitle "Corr 2008"]
[Source "ChessBase"]
[SourceDate "2008.06.24"]
[SourceVersion "1"]
[SourceVersionDate "2008.06.24"]
[SourceQuality "1"]

1. e4 c5 2. Nf3 Nc6 3. Bb5 g6 4. 0-0 Bg7 5. Bxc6 bxc6 6. Re1 Nh6 7. c3 0-0 8. d4 cxd4 9. cxd4 d6 10. Nc3 f6 11. h3 Nf7 12. Qc2 e5 13. Be3 f5 14. dxe5 Nxe5 15. Nxe5 Bxe5 16. f4 Bg7 17. Rad1 Qh4 18. Qc1 fxe4 19. Rxd6 Bf5 20. Bf2 Qe7 21. Rxc6 Rab8 22. b3 1-0

[Event "IECG CP.2003.P.00092 email"]
[Site "IECG email"]
[Date "2003.10.01"]
[Round "?"]
[White "Closs, Mike"]
[Black "Lee, Terrence A"]
[Result "1-0"]
[WhiteElo "2142"]
[BlackElo "1429"]
[PlyCount "47"]
[EventDate "2003.10.01"]
[EventType "tourn (corr)"]
[EventRounds "6"]
[EventCountry "ENG"]
[SourceTitle "Corr 2008"]
[Source "ChessBase"]
[SourceDate "2008.06.24"]
[SourceVersion "1"]
[SourceVersionDate "2008.06.24"]
[SourceQuality "1"]

1. e4 Nf6 2. e5 Nd5 3. d4 d6 4. Nf3 Nc6 5. Be2 Bf5 6. a3 e6 7. 0-0 dxe5 8. dxe5 Bc5 9. b4 Be7 10. b5 Nb8 11. c4 Nb6 12. Qxd8+ Bxd8 13. Nd4 Bg6 14. Bf3 N8d7 15. Bxb7 Rb8 16. Bc6 Be7 17. Nd2 Bc5 18. N4b3 Ke7 19. a4 Bb4 20. a5 Nc8 21. Nf3 Nd6 22. exd6+ cxd6 23. Be3 Nc5 24. Nxc5 1-0

[Event "IECG CP.2003.P.00092 email"]
[Site "IECG email"]
[Date "2003.10.01"]
[Round "?"]
[White "Closs, Mike"]
[Black "Pitirimov, Sergey Yurievich"]
[Result "1-0"]
[WhiteElo "2142"]
[BlackElo "2128"]
[PlyCount "53"]
[EventDate "2003.10.01"]
[EventType "tourn (corr)"]
[EventRounds "6"]
[EventCountry "ENG"]
[SourceTitle "Corr 2008"]
[Source "ChessBase"]
[SourceDate "2008.06.24"]
[SourceVersion "1"]
[SourceVersionDate "2008.06.24"]
[SourceQuality "1"]

1. e4 c5 2. Nf3 Nc6 3. d4 cxd4 4. Nxd4 Nf6 5. Nc3 e5 6. Ndb5 d6 7. Bg5 a6 8. Na3 Be6 9. Nc4 Rc8 10. Nd5 Bxd5 11. Bxf6 gxf6 12. Qxd5 b5 13. Ne3 Ne7 14. Qb7 Qa5+ 15. c3 Rc7 16. b4 Rxb7 17. bxa5 Kd8 18. a4 bxa4 19. Rxa4 f5 20. Rb4 Rxb4 21. cxb4 fxe4 22. Bxa6 Kc7 23. Ke2 d5 24. Rc1+ Kb8 25. b5 d4 26. b6 dxe3 27. Rc7 1-0

[Event "IECG CP.2003.P.00092 email"]
[Site "IECG email"]
[Date "2003.10.01"]
[Round "?"]
[White "Closs, Mike"]
[Black "Rossello Padron, Carlos Eduardo"]
[Result "1-0"]
[WhiteElo "2142"]
[BlackElo "1829"]
[PlyCount "23"]
[EventDate "2003.10.01"]
[EventType "tourn (corr)"]
[EventRounds "6"]
[EventCountry "ENG"]
[SourceTitle "Corr 2008"]
[Source "ChessBase"]
[SourceDate "2008.06.24"]
[SourceVersion "1"]
[SourceVersionDate "2008.06.24"]
[SourceQuality "1"]

1. e4 c5 2. Nf3 Nc6 3. d4 cxd4 4. Nxd4 e5 5. Nb5 d6 6. c4 Be7 7. N1c3 a5 8. Nd5 Kf8 9. Be3 Nf6 10. Bb6 Qd7 11. Nxf6 gxf6 12. Qd2 1-0

[Event "IECG CP.2003.P.00092 email"]
[Site "IECG email"]
[Date "2003.10.01"]
[Round "?"]
[White "Davidson, Allan D"]
[Black "Closs, Mike"]
[Result "0-1"]
[WhiteElo "624"]
[BlackElo "2142"]
[PlyCount "86"]
[EventDate "2003.10.01"]
[EventType "tourn (corr)"]
[EventRounds "6"]
[EventCountry "ENG"]
[SourceTitle "Corr 2008"]
[Source "ChessBase"]
[SourceDate "2008.06.24"]
[SourceVersion "1"]
[SourceVersionDate "2008.06.24"]
[SourceQuality "1"]

1. e4 c5 2. Nf3 d6 3. Bc4 Nf6 4. d3 e6 5. c3 Be7 6. 0-0 0-0 7. Bg5 Nc6 8. Bb3 Bd7 9. Nbd2 Rc8 10. d4 cxd4 11. cxd4 h6 12. Be3 Qa5 13. Nc4 Qh5 14. Nfd2 Qxd1 15. Raxd1 b5 16. e5 bxc4 17. exf6 cxb3 18. fxe7 Nxe7 19. Nxb3 Ba4 20. Rc1 Bxb3 21. axb3 Rxc1 22. Rxc1 Rb8 23. Rc3 Nd5 24. Rd3 Rc8 25. g3 Rc2 26. Rd2 Nxe3 27. Rxc2 Nxc2 28. Kf1 Nxd4 29. b4 g5 30. Ke1 Nc2+ 31. Kd2 Nxb4 32. Kc3 Nd5+ 33. Kd4 g4 34. Kc4 Nb6+ 35. Kd3 a5 36. b3 f5 37. Ke3 e5 38. f4 Nd5+ 39. Ke2 exf4 40. gxf4 Nxf4+ 41. Ke3 Nh3 42. Kd4 f4 43. Ke4 f3 0-1

[Event "IECG CP.2001.S.00005 email"]
[Site "IECG email"]
[Date "2003.10.01"]
[Round "?"]
[White "Hoffmann, Matthias"]
[Black "Closs, Mike"]
[Result "1-0"]
[WhiteElo "2158"]
[BlackElo "2142"]
[PlyCount "58"]
[EventDate "2003.10.01"]
[EventType "tourn (corr)"]
[EventRounds "6"]
[SourceTitle "Corr 2008"]
[Source "ChessBase"]
[SourceDate "2008.06.24"]
[SourceVersion "1"]
[SourceVersionDate "2008.06.24"]
[SourceQuality "1"]

1. e4 e5 2. f4 exf4 3. Nf3 d6 4. d4 g5 5. h4 g4 6. Ng1 f5 7. Bxf4 fxe4 8. Nc3 Nf6 9. d5 Bg7 10. Qd2 0-0 11. 0-0-0 Qe8 12. Nge2 Nbd7 13. Nb5 Qd8 14. Ng3 Nc5 15. Re1 a6 16. Nc3 Qd7 17. h5 Na4 18. h6 Bh8 19. Ngxe4 Nxe4 20. Rxe4 Nxc3 21. bxc3 Qf7 22. Bg3 Bf6 23. Bd3 Bd7 24. Rf4 Rae8 25. Kb2 Qe7 26. Re1 Be5 27. Rfe4 Qf6 28. Bxe5 dxe5 29. Qe3 a5 1-0

[Event "IECG CA.2002.0.00078 email"]
[Site "IECG email"]
[Date "2002.12.27"]
[Round "?"]
[White "Closs, Mike"]
[Black "Crotti, Lucas"]
[Result "1-0"]
[WhiteElo "2040"]
[BlackElo "2000"]
[PlyCount "53"]
[EventDate "2002.12.27"]
[EventType "tourn (corr)"]
[EventRounds "6"]
[SourceTitle "Corr 2008"]
[Source "ChessBase"]
[SourceDate "2008.06.24"]
[SourceVersion "1"]
[SourceVersionDate "2008.06.24"]
[SourceQuality "1"]

1. e4 Nf6 2. e5 Nd5 3. d4 d6 4. Nf3 g6 5. Bc4 Nb6 6. Bb3 Bg7 7. Ng5 e6 8. f4 dxe5 9. fxe5 c5 10. 0-0 0-0 11. c3 cxd4 12. Qxd4 Nc6 13. Qxd8 Rxd8 14. Nxf7 Rf8 15. Nh6+ Bxh6 16. Bxh6 Rxf1+ 17. Kxf1 Nxe5 18. Na3 Ng4 19. Bf4 Nd5 20. Bg3 Bd7 21. Re1 Rf8+ 22. Kg1 Nh6 23. Nc4 Nf5 24. Bf2 a6 25. Ne5 Bc8 26. Bc5 Re8 27. Nxg6 1-0

[Event "IECG CP.2001.Q.00022 email"]
[Site "IECG email"]
[Date "2002.10.01"]
[Round "?"]
[White "Closs, Mike"]
[Black "Alvebring, Martin"]
[Result "1/2-1/2"]
[WhiteElo "2040"]
[BlackElo "2242"]
[PlyCount "80"]
[EventDate "2002.10.01"]
[EventType "tourn (corr)"]
[EventRounds "10"]
[EventCountry "ENG"]
[SourceTitle "Corr 2008"]
[Source "ChessBase"]
[SourceDate "2008.06.24"]
[SourceVersion "1"]
[SourceVersionDate "2008.06.24"]
[SourceQuality "1"]

1. e4 c5 2. Nf3 Nc6 3. d4 cxd4 4. Nxd4 Nf6 5. Nc3 e5 6. Ndb5 d6 7. Bg5 a6 8. Na3 b5 9. Bxf6 gxf6 10. Nd5 f5 11. g3 Bg7 12. Bg2 fxe4 13. Bxe4 Be6 14. 0-0 0-0 15. c3 Rc8 16. Nc2 f5 17. Bg2 a5 18. Qd2 b4 19. cxb4 axb4 20. b3 e4 21. Rad1 Bxd5 22. Qxd5+ Kh8 23. Ne3 Be5 24. Nxf5 Rxf5 25. Bh3 Rf6 26. Bxc8 Qxc8 27. Rfe1 Qa6 28. Qxe4 Qb6 29. Re3 Nd4 30. Kg2 Rf8 31. f4 Nf5 32. Red3 Bc3 33. Kf3 Qc5 34. Rd5 Qc8 35. Ra5 Nh6 36. Ra7 Bg7 37. Kg2 Re8 38. Rc1 Qxc1 39. Qxe8+ Ng8 40. Ra8 Qc2+ 1/2-1/2

[Event "BCF-chT2 0001 (4NCL)"]
[Site "Birmingham"]
[Date "2000.11.26"]
[Round "4.4"]
[White "Closs, Mike"]
[Black "Jakubovics, Nick S"]
[Result "1-0"]
[WhiteElo "2152"]
[BlackElo "2229"]
[PlyCount "37"]
[EventDate "2000.11.26"]
[EventType "team-tourn"]
[EventRounds "11"]
[EventCountry "ENG"]
[SourceTitle "CBM 079 Extra"]
[Source "ChessBase"]
[SourceDate "2001.01.11"]
[SourceVersion "2"]
[SourceVersionDate "2001.01.25"]
[SourceQuality "1"]
[WhiteTeam "BCCA"]
[BlackTeam "Bristol II"]
[WhiteTeamCountry "ENG"]
[BlackTeamCountry "ENG"]

1. e4 e5 2. d4 exd4 3. c3 dxc3 4. Bc4 cxb2 5. Bxb2 d6 6. Nf3 Nc6 7. Qb3 Qd7 8. Bc3 Nh6 9. h3 f6 10. 0-0 Nf7 11. Na3 Nce5 12. Nxe5 Nxe5 13. Bxe5 dxe5 14. Rfd1 Bd6 15. Bb5 c6 16. Nc4 cxb5 17. Nxd6+ Kf8 18. Rac1 Qe6 19. Rxc8+ 1-0